|
|
|
|
| LEADER |
00000cam a2200000 7i4500 |
| 001 |
0000047181 |
| 005 |
20150419.0 |
| 008 |
150419 |
| 020 |
|
|
|a 9789832328148
|
| 020 |
|
|
|a 9832328144
|
| 020 |
|
|
|a 9832328438(set)
|
| 090 |
0 |
0 |
|a 959.6
|b MUH
|
| 100 |
1 |
|
|a Muhammad Harun
|
| 245 |
1 |
0 |
|a Kemboja
|c Muhammad Harun
|
| 260 |
|
|
|a Selangor :
|b Karisma Publications Sdn Bhd ,
|c 2001
|
| 300 |
|
|
|a 14pg. :
|b il., peta
|
| 490 |
1 |
|
|a Siri Negara-negara ASEAN
|
| 650 |
|
0 |
|a Kemboja
|
| 999 |
|
|
|a 0000876768
|b Book
|c Adult Collection
|e Cawangan Pontian
|
| 999 |
|
|
|a 0000876769
|b Book
|c Adult Collection
|e Cawangan Kota Tinggi
|
| 999 |
|
|
|a 0000876770
|b Book
|c Adult Collection
|e Cawangan Muar
|
| 999 |
|
|
|a 0000876772
|b Book
|c Adult Collection
|e Cawangan Bandar Penawar
|
| 999 |
|
|
|a 0000876773
|b Book
|c Adult Collection
|e Cawangan Tmn. Ungku Tun Aminah
|
| 999 |
|
|
|a 0000876774
|b Book
|c Adult Collection
|e Cawangan Mersing
|
| 999 |
|
|
|a 0000876776
|b Book
|c Adult Collection
|e Cawangan Segamat
|